000 00514nam a2200205Ia 4500
005 20221031103715.0
008 131103s9999 xx 000 0 und d
040 _aLoreto College
041 _aEnglish
082 _a102
_bJOA
100 _aJoad, C. E. M.
245 _aGuide to philosophy
_cC. E. M. Joad
260 _aLondon
_bVictor Gollancz
_c1936(1946printing)
300 _a592p
504 _aInclude index
650 _aPhilosophy
651 _aPhilosophy - Guide
850 _aLCLIB
942 _cBK
999 _c18305
_d68784